000 nam a22 7a 4500
999 _c9584
_d9584
008 180205b ||||| |||| 00| 0 eng d
100 _aBiswas, A
_92347
245 _aProject work in social science - IX
260 _aNew Delhi
_bArya Publication
_c2007